| 000 | 00466nam a2200169Ia 4500 | ||
|---|---|---|---|
| 003 | GCL | ||
| 008 | 140319s9999 xx 000 0 eng d | ||
| 040 |
_aGCL / _cGCL |
||
| 082 | 0 | 4 |
_a190 _bG G |
| 100 | 1 | _aGONTIER,THIERRY | |
| 245 | 1 | 0 |
_aLES GRANDES QEUVRES DE LA PHILOSEPHIE MODERNE / _cGONTIER,THIERRY |
| 260 |
_a[S.N] : _bEDITIONS DU SEUIL ، _c1996 |
||
| 300 | _a95 P | ||
| 650 | 0 | 4 | _aMODERN PHILOSOPHY |
| 650 | 0 | 4 | _aWESTERN MODERN PHILOSOPHY |
| 942 |
_2ddc _cBK |
||
| 999 |
_c15654 _d15654 |
||